Titoli Di Coda Un nuovo caso per il commissario kostas charitos

সংরক্ষণ করুন:
গ্রন্থ-পঞ্জীর বিবরন
প্রধান লেখক: Petros Markaris
বিন্যাস: গ্রন্থ
ভাষা:অজানা বা ভুল ভাষা
প্রকাশিত: Bompiani
ট্যাগগুলো: ট্যাগ যুক্ত করুন
কোনো ট্যাগ নেই, প্রথমজন হিসাবে ট্যাগ করুন!

MARC

LEADER 00000nam a2200000Ia 4500
001 R-480
003 CODICE-MESSINA
005 20260212102452.0
008 260211s9999 xx 000 0 und d
040 |c importazione_messina 
100 |a Petros Markaris 
245 0 |a Titoli Di Coda 
245 0 |b Un nuovo caso per il commissario kostas charitos 
260 |b Bompiani 
942 |2 ddc  |c BK 
952 |0 0  |1 0  |2 ddc  |4 0  |6 SCAFFALE_4_000000000000000__ROMANZI  |7 0  |9 31300  |a ME  |b ME  |d 2026-02-11  |l 0  |o SCAFFALE 4 - ROMANZI  |p R-480  |r 2026-02-11 23:52:28  |w 2026-02-11  |x [REVISIONARE]  |y BK 
999 |c 26964  |d 26964